Countries of the world - Hangman #4 - Statistics

General Stats
  • This quiz has been taken 109 times
  • The average score is 5 of 7
Answer Stats
Hint Answer % Correct
1 A
100%
1 A
100%
1 A
100%
2 A
100%
2 A
100%
3 A
100%
3 A
100%
5 A
100%
5 A
100%
6 A
100%
6 A
100%
6 A
100%
10 A
100%
13 A
100%
13 A
100%
14 A
100%
16 A
100%
19 A
100%
20 A
100%
21 A
100%
21 A
100%
22 A
100%
23 A
100%
24 A
100%
25 A
100%
25 A
100%
25 A
100%
26 A
100%
28 A
100%
29 A
100%
31 A
100%
31 A
100%
32 A
100%
32 A
100%
33 A
100%
34 A
100%
36 A
100%
37 A
100%
37 A
100%
39 A
100%
39 A
100%
40 A
100%
41 A
100%
41 A
100%
1 B
100%
6 B
100%
9 B
100%
32 B
100%
23 C
100%
30 C
100%
30 C
100%
23 D
100%
24 D
100%
2 E
100%
9 E
100%
19 E
100%
20 E
100%
21 E
100%
23 E
100%
24 E
100%
27 E
100%
33 E
100%
2 G
100%
9 G
100%
20 G
100%
33 G
100%
40 G
100%
6 H
100%
1 I
100%
2 I
100%
5 I
100%
7 I
100%
9 I
100%
10 I
100%
10 I
100%
11 I
100%
13 I
100%
16 I
100%
19 I
100%
23 I
100%
24 I
100%
25 I
100%
28 I
100%
28 I
100%
32 I
100%
32 I
100%
33 I
100%
33 I
100%
34 I
100%
34 I
100%
39 I
100%
41 I
100%
1 L
100%
2 L
100%
9 L
100%
23 L
100%
24 L
100%
29 L
100%
41 L
100%
6 M
100%
9 M
100%
20 M
100%
25 M
100%
29 M
100%
30 M
100%
32 M
100%
41 M
100%
1 N
100%
3 N
100%
20 N
100%
23 N
100%
24 N
100%
32 N
100%
33 N
100%
34 N
100%
39 N
100%
10 O
100%
27 O
100%
27 O
100%
30 O
100%
30 O
100%
30 O
100%
41 O
100%
2 R
100%
5 R
100%
12 R
100%
19 R
100%
20 R
100%
21 R
100%
24 R
100%
30 R
100%
33 R
100%
6 S
100%
34 S
100%
41 S
100%
13 T
100%
27 T
100%
34 T
100%
9 U
100%
34 U
100%
20 Y
100%
3 D
75%
3 O
75%
3 R
75%
3 R
75%
10 B
67%
26 B
67%
13 C
67%
26 E
67%
40 E
67%
40 E
67%
10 L
67%
26 L
67%
22 N
67%
26 N
67%
26 N
67%
40 N
67%
13 O
67%
26 O
67%
13 R
67%
5 S
67%
40 S
67%
5 T
67%
5 U
67%
10 V
67%
7 A
50%
7 A
50%
7 B
50%
29 D
50%
16 E
50%
16 E
50%
7 H
50%
31 M
50%
31 M
50%
39 M
50%
7 N
50%
31 N
50%
29 O
50%
29 O
50%
39 O
50%
7 R
50%
16 R
50%
16 R
50%
31 R
50%
39 R
50%
16 T
50%
11 U
50%
11 U
50%
29 V
50%
31 Y
50%
22 G
33%
40 L
33%
22 R
33%
22 U
33%
4 A
0%
4 A
0%
8 A
0%
15 A
0%
17 A
0%
18 A
0%
35 A
0%
38 A
0%
8 B
0%
11 B
0%
28 B
0%
12 C
0%
15 C
0%
25 C
0%
11 D
0%
14 D
0%
15 D
0%
18 D
0%
21 D
0%
4 E
0%
8 E
0%
14 E
0%
15 E
0%
17 E
0%
28 E
0%
35 E
0%
38 E
0%
18 F
0%
19 G
0%
19 G
0%
21 G
0%
36 G
0%
22 H
0%
27 H
0%
4 I
0%
17 I
0%
18 I
0%
35 I
0%
38 I
0%
25 J
0%
14 K
0%
35 K
0%
8 L
0%
18 L
0%
27 L
0%
28 L
0%
4 M
0%
12 M
0%
14 M
0%
38 M
0%
4 N
0%
11 N
0%
14 N
0%
17 N
0%
18 N
0%
18 N
0%
21 N
0%
35 N
0%
37 N
0%
38 N
0%
12 O
0%
12 O
0%
12 O
0%
15 O
0%
17 O
0%
19 O
0%
4 R
0%
8 R
0%
11 R
0%
14 R
0%
15 R
0%
28 R
0%
35 R
0%
36 R
0%
8 S
0%
12 S
0%
17 S
0%
27 S
0%
17 T
0%
37 T
0%
38 T
0%
8 U
0%
15 U
0%
35 U
0%
36 U
0%
36 U
0%
36 U
0%
37 U
0%
37 U
0%
37 V
0%
38 V
0%
22 Y
0%
36 Y
0%
No matching quizzes found
Score Distribution
Percent of People with Each Score
Percentile by Number Answered
Your Score History
You have not taken this quiz